| Tag |
First Indicator |
Second Indicator |
Subfields |
| LEADER |
00000cam a22000004a 4500 |
| 001 |
in00002454021 |
| 005 |
20151110084827.0 |
| 008 |
080918s2009 ncu b 001 0 eng c |
| 010 |
|
|
|a 2008040670
|
| 015 |
|
|
|a GBA908777
|2 bnb
|
| 016 |
7 |
|
|a 014889805
|2 Uk
|
| 020 |
|
|
|a 9780822343509 (cloth : alk. paper)
|
| 020 |
|
|
|a 0822343509 (cloth : alk. paper)
|
| 020 |
|
|
|a 9780822343721 (pbk. : alk. paper)
|
| 020 |
|
|
|a 082234372X (pbk. : alk. paper)
|
| 035 |
|
|
|a (OCoLC)ocn255016966
|
| 035 |
|
|
|a (OCoLC)255016966
|
| 040 |
|
|
|a NcD/DLC
|c DLC
|d BTCTA
|d YDXCP
|d C#P
|d UKM
|d BWX
|d CDX
|d IXA
|d UtOrBLW
|
| 042 |
|
|
|a pcc
|
| 049 |
|
|
|a TXAM
|
| 050 |
0 |
0 |
|a JC261.D44
|b D47 2009
|
| 082 |
0 |
0 |
|a 320.092
|2 22
|
| 245 |
0 |
0 |
|a Derrida and the time of the political /
|c edited by Pheng Cheah and Suzanne Guerlac.
|
| 264 |
|
1 |
|a Durham :
|b Duke University Press,
|c 2009.
|
| 300 |
|
|
|a 343 pages ;
|c 25 cm.
|
| 336 |
|
|
|a text
|b txt
|2 rdacontent
|
| 337 |
|
|
|a unmediated
|b n
|2 rdamedia
|
| 338 |
|
|
|a volume
|b nc
|2 rdacarrier
|
| 504 |
|
|
|a Includes bibliographical references (pages [307]-321) and index.
|
| 505 |
0 |
|
|a Jacques Derrida : co-responding voix you / Hélène Cixous -- Eschatology versus teleology : the suspended dialogue between Derrida and Althusser / Étienne Balibar -- The untimely secret of democracy / Pheng Cheah -- Sovereign stupidity and autoimmunity / Geoffrey Bennington -- Sovereign hesitations / Wendy Brown -- European memories : Jan Patočka and Jacques Derrida on responsibility / Rodolphe Gasché -- "Call me Ishmael" / Anne Norton -- Algeria as an archive / Soraya Tlatli -- Fine risks, or, the spirit of a pacifism and its destiny / Satoshi Ukai -- The aporia of pure giving and the aim of reciprocity : on Derrida's Given time / Marcel Hénaff -- Pseudology : Derrida on Arendt and lying in politics / Martin Jay -- The fragility of the pardon (Derrida and Ricoeur) / Suzanne Guerlac -- Should democracy come? : ethics and politics in Derrida / Jacques Rancière -- Finishing, starting / Judith Butler.
|
| 600 |
1 |
0 |
|a Derrida, Jacques
|x Political and social views.
|
| 650 |
|
0 |
|a Deconstruction.
|
| 700 |
1 |
|
|a Cheah, Pheng.
|
| 700 |
1 |
|
|a Guerlac, Suzanne,
|d 1950-
|
| 938 |
|
|
|a Baker and Taylor
|b BTCP
|n BK0008126911
|
| 938 |
|
|
|a Blackwell Book Service
|b BBUS
|n R5763526
|c $89.95
|
| 938 |
|
|
|a Coutts Information Services
|b COUT
|n 8841194
|
| 938 |
|
|
|a YBP Library Services
|b YANK
|n 2957526
|
| 945 |
|
|
|a PromptCat
|b 662552
|
| 946 |
|
|
|a stk
|
| 947 |
|
|
|a A14839810748
|
| 994 |
|
|
|a 92
|b TXA
|
| 948 |
|
|
|a cataloged
|b h
|d 2009/4/6
|h c
|e asalazar
|f 2:03:08 pm
|
| 999 |
|
|
|a MARS
|
| 999 |
f |
f |
|s 504f3912-940f-3e21-8e34-0e7bc49f4ca4
|i a376bccf-88d0-3f2f-bf69-fb720c563792
|t 0
|
| 952 |
f |
f |
|p normal
|a Texas A&M University
|b College Station
|c Sterling C. Evans Library
|s Evans stk
|d Evans: Library Stacks
|t 0
|e JC261.D44 D47 2009
|h Library of Congress classification
|i unmediated -- volume
|m A14839810748
|
| 998 |
f |
f |
|a JC261.D44 D47 2009
|t 0
|l Evans: Library Stacks
|